| 000 | 00446nam a22001577a 4500 | ||
|---|---|---|---|
| 008 | 230316b |||||||| |||| 00| 0 eng d | ||
| 040 |
_aNational Science Library _cNational Science Library |
||
| 080 |
_aD 54(091) _bK0 |
||
| 100 |
_aPartington, J R _93334 |
||
| 245 | _aHistory of chemistry | ||
| 260 |
_aLondon: _bMacmillan & Co Ltd., _c1964 |
||
| 300 | _axxi, 1007p. | ||
| 650 | _aChemistry | ||
| 653 | _aPhoto chemistry | ||
| 942 |
_2udc _cBK |
||
| 999 |
_c10036 _d10036 |
||